000 00235nam a2200097Ia 4500
008 231212s1986 xx 000 0 und d
041 _aeng
100 _aWilliams R.B.
245 _aThe Mannual DBase III
260 _aDelhi
_bAmerica
_c1986
999 _c960524
_d960524